<?xml version="1.0" encoding="UTF-8"?><?xml-stylesheet type="text/xsl" href="static/style.xsl"?><OAI-PMH xmlns="http://www.openarchives.org/OAI/2.0/" xmlns:xsi="http://www.w3.org/2001/XMLSchema-instance" xsi:schemaLocation="http://www.openarchives.org/OAI/2.0/ http://www.openarchives.org/OAI/2.0/OAI-PMH.xsd"><responseDate>2026-06-01T22:19:26Z</responseDate><request verb="GetRecord" identifier="oai:riuma.uma.es:10630/15787" metadataPrefix="marc">https://riuma.uma.es/rest/oai/request</request><GetRecord><record><header><identifier>oai:riuma.uma.es:10630/15787</identifier><datestamp>2026-02-03T12:02:52Z</datestamp><setSpec>com_10630_2254</setSpec><setSpec>col_10630_37959</setSpec></header><metadata><record xmlns="http://www.loc.gov/MARC21/slim" xmlns:dcterms="http://purl.org/dc/terms/" xmlns:doc="http://www.lyncode.com/xoai" xmlns:xsi="http://www.w3.org/2001/XMLSchema-instance" xsi:schemaLocation="http://www.loc.gov/MARC21/slim http://www.loc.gov/standards/marcxml/schema/MARC21slim.xsd">
   <leader>00925njm 22002777a 4500</leader>
   <datafield ind2=" " ind1=" " tag="042">
      <subfield code="a">dc</subfield>
   </datafield>
   <datafield ind2=" " ind1=" " tag="720">
      <subfield code="a">Carrero-Barril, Francisco Jesús</subfield>
      <subfield code="e">author</subfield>
   </datafield>
   <datafield ind2=" " ind1=" " tag="720">
      <subfield code="a">Infante-Cañete, Lidia</subfield>
      <subfield code="e">author</subfield>
   </datafield>
   <datafield ind2=" " ind1=" " tag="720">
      <subfield code="a">Ibero, Sofía</subfield>
      <subfield code="e">author</subfield>
   </datafield>
   <datafield ind2=" " ind1=" " tag="260">
      <subfield code="c">2018-05-22</subfield>
   </datafield>
   <datafield ind2=" " ind1=" " tag="520">
      <subfield code="a">Se presenta la propuesta de intervención logopédica para un alumno de 7 años, escolarizado en 2º de Primaria, con diagnóstico de trastorno del espectro autista de alto funcionamiento y nivel de gravedad 1, según los criterios del DSM-5. La ausencia de trastornos significativos, tanto intelectuales como en los aspectos formales del lenguaje, condicionó la imposibilidad de una detección temprana de la alteración, aunque, finalmente, el informe detallado de padres y profesores fue crucial para la valoración de las necesidades específicas del niño, que comprenden, de forma prioritaria, déficits en habilidades sociales y conversacionales, en la interpretación no literal del lenguaje y en habilidades mentalistas. &#xd;
El plan de intervención logopédica se basa, fundamentalmente, en dos niveles: semántico y pragmático. En el nivel semántico, el objetivo principal es la mejora en la comprensión del lenguaje figurado (metáforas, ironías, chistes...) En cuanto al nivel pragmático, el objetivo es la formación en habilidades conversacionales, que incluye estrategias básicas de conversación, respeto de turnos, entrenamiento en aspectos prosódicos y comprensión y uso de conductas no verbales. Este nivel se complementa con programas de habilidades sociales y mentalistas, especialmente con actividades para mejorar la empatía. La programación implica una metodología que incorpora la intervención en grupos (talleres, debates, juegos y actividades de interpretación de roles y expresiones en situaciones cotidianas), la exposición y supervisión durante el recreo o en actividades extraescolares, los programas de refuerzo adaptados y el control de las estrategias a través de autoinstrucciones.</subfield>
   </datafield>
   <datafield ind1="8" ind2=" " tag="024">
      <subfield code="a">https://hdl.handle.net/10630/15787</subfield>
   </datafield>
   <datafield tag="653" ind2=" " ind1=" ">
      <subfield code="a">Autismo</subfield>
   </datafield>
   <datafield tag="653" ind2=" " ind1=" ">
      <subfield code="a">Logoterapia</subfield>
   </datafield>
   <datafield ind2="0" ind1="0" tag="245">
      <subfield code="a">Intervención logopédica en los niveles semántico y pragmático en un alumno con trastorno del espectro autista de alto funcionamiento</subfield>
   </datafield>
</record>
</metadata></record></GetRecord></OAI-PMH>